LEADER 00876nam0-22002891i-450- 001 990007169840403321 005 20021010 035 $a000716984 035 $aFED01000716984 035 $a(Aleph)000716984FED01 035 $a000716984 100 $a20021010d--------km-y0itay50------ba 101 0 $aita 200 1 $aDisuguaglianza di classe e ordinamento politico. La stratificazione sociale nelle societa' capitalistiche e comuniste$fFrank Parkin. 210 $aTorino$cEinaudi$d1976. 215 $a227 p.$d18 cm 225 1 $aPiccola biblioteca Einaudi$v268 676 $a301 700 1$aParkin,$bFrank$0119970 801 0$aIT$bUNINA$gRICA$2UNIMARC 901 $aBK 912 $a990007169840403321 952 $aSOC-21$b48915 ECONOMATO.$fDDRC 959 $aDDRC 996 $aDisuguaglianza di classe e ordinamento politico$9647918 997 $aUNINA DB $aGEN01 LEADER 01513cam0-2200529---450- 001 990000078080203316 005 20050630182151.0 010 $a88-06-15549-0 035 $a0007808 035 $aUSA010007808 035 $a(ALEPH)000007808USA01 035 $a0007808 100 $a20000914d2002----|||t0itay0103----ba 101 $aita 102 $aIT 105 $a||||||||| 200 $aEros/ethos$fSergio Givone 210 $aTorino$cEinaudi$dcopyr. 2002 215 $a474 p.$d22 cm 225 2$aBiblioteca Einaudi$v92 410 1$12001$aBiblioteca Einaudi 606 1 $aAmore$xConcezione filosofica 606 1 $aMorale 676 $a128.46 700 1$aGIVONE,$bSergio$0158906 801 $aIT$bSALBC$gISBD 912 $a990000078080203316 951 $aII.1.D. 3208(IV C 3430)$b165263 L.M.$cIV C$d00094728 959 $aBK 969 $aUMA 979 $c20000914$lUSA01$h1736 979 $c20000919$lUSA01$h1048 979 $c20000919$lUSA01$h1521 979 $c20001019$lUSA01$h1056 979 $c20001019$lUSA01$h1453 979 $c20001019$lUSA01$h1501 979 $c20001019$lUSA01$h1538 979 $c20001024$lUSA01$h1514 979 $c20001027$lUSA01$h1523 979 $c20001110$lUSA01$h1710 979 $c20001124$lUSA01$h1208 979 $c20020403$lUSA01$h1615 979 $aALESSANDRA$b90$c20030703$lUSA01$h1046 979 $aPATRY$b90$c20040406$lUSA01$h1606 979 $aCOPAT2$b90$c20050630$lUSA01$h1821 996 $aEros$91090317 997 $aUNISA